000
00212 a2200097 4500
001
11022
100
_a
Embree, A.
245
_a
Pakistan Westren Borderlands
260
_a
_b
Royal Book Co
_c
090
_c
8590
_d
8590
942
_a
NUST-CAE
_c
M
_c
35367
999
_c
246095
_d
246095